Didáctica del lenguaje integrado

Guardat en:
Dades bibliogràfiques
Autors principals: Inostroza de Celis, Gloria (Autor), Navas Castro, Alejandro (Autor), Varas Mandolini, Norma (Autor), Villablanca Bustamante, Marianela (Autor)
Format: Llibre
Idioma:espanyol
Publicat: Temuco Ministerio de Educación 1994
Matèries:
Etiquetes: Afegir etiqueta
Sense etiquetes, Sigues el primer a etiquetar aquest registre!

MARC

LEADER 00000nam a2200000 a 4500
001 UCS2397
003 CL-VaPUC
008 970523e19940000CL |||||||||||||||||spa|d
082 0 4 |a 372.6  |b INO  |2 21 
100 |a Inostroza de Celis, Gloria  |e author  |9 543397 
700 0 |a Navas Castro, Alejandro  |e author  |9 387772 
700 0 |a Varas Mandolini, Norma  |e author  |9 387773 
700 0 |a Villablanca Bustamante, Marianela  |e author  |9 387774 
245 1 0 |a Didáctica del lenguaje integrado 
300 |a 89 p 
942 |c BK 
945 |d 19970523 00:00:00  |a rleighto 
260 |a Temuco  |b Ministerio de Educación  |c 1994 
650 7 |a LENGUAJE INTEGRAL  |2 CL-VaPUC  |9 387775 
650 0 |a Métodos de enseñanza  |9 270413 
650 0 |a Enseñanza del lenguaje  |9 373325 
583 |a last modification  |c 19970523 00:00:00  |k Rodrigo Vera 
999 |c 260357  |d 260355 
952 |0 0  |1 0  |4 0  |6 372_600000000000000_INO_1994  |7 0  |8 P  |9 286392  |a BIBEDU  |b BIBEDU  |c BIBEDU_PB  |d 2019-11-19  |i 3309495  |o 372.6 INO 1994  |p 3309495  |r 2024-01-25  |w 2019-11-19  |y BK  |k EDU 
952 |0 0  |1 0  |4 0  |6 372_600000000000000_INO_1994  |7 0  |8 P  |9 286393  |a BIBEDU  |b BIBEDU  |c BIBEDU_PB  |d 2019-11-19  |i 3339998  |o 372.6 INO 1994  |p 3339998  |r 2024-01-25  |w 2019-11-19  |y BK  |k EDU